One 2021 US Open Men's Player by Country - Statistics

General Stats
  • This quiz has been taken 144 times
  • The average score is 27 of 37
Answer Stats
Country Player % Correct
Australia Alex De Minaur | Nick Kyrgios | John Millman | +4 others
97%
Canada Denis Shapovalov | Félix Auger-Aliassime | Vasek Pospisil
94%
France Gaël Monfils | Ugo Humbert | Benoît Paire | +9 others
94%
Italy Matteo Berrettini | Jannik Sinner | Lorenzo Sonego | +7 others
93%
Russia Daniil Medvedev | Andrey Rublev | Aslan Karatsev | +2 others
92%
Serbia Novak Djokovic | Filip Krajinović | Miomir Kecmanović | +2 others
92%
Germany Alexander Zverev | Jan-Lennard Struff | Philipp Kohlschreiber | +5 others
91%
Argentina Diego Schwartzman | Federico Coria | Federico Delbonis | +3 others
91%
Bulgaria Grigor Dimitrov
91%
United States John Isner | Reilly Opelka | Sebastian Korda | +18 others
91%
Japan Kei Nishikori | Yoshihito Nishioka | Taro Daniel | +1 other
91%
Croatia Marin Čilić | Ivo Karlović
91%
United Kingdom Andy Murray | Daniel Evans | Cameron Norrie
90%
Belgium David Goffin
89%
Greece Stéfanos Tsitsipás
89%
Spain Pablo Carreño Busta | Roberto Bautista-Agut | Alejandro Davidovich Fokina | +9 others
88%
Norway Casper Ruud
87%
South Africa Kevin Anderson | Lloyd Harris
84%
Poland Hubert Hurkacz | Kamil Majchrzak
83%
Kazakhstan Alexander Bublik | Mikhail Kukushkin
80%
Denmark Holger Rune
79%
Georgia Nikoloz Basilashvili
74%
Chile Cristian Garín
71%
Sweden Mikael Ymer
69%
Netherlands Tallon Griekspoor | Botic van de Zandschulp
67%
Hungary Márton Fucsovics
65%
Uruguay Pablo Cuevas
58%
Brazil Thiago Monteiro
57%
Finland Emil Ruusuvuori
54%
Belarus Ilya Ivashka | Egor Gerasimov
54%
Moldova Radu Albot
54%
South Korea Kwon Soon-woo
52%
Lithuania Ričardas Berankis
47%
Switzerland Henri Laaksonen
33%
Czechia Jiří Veselý
33%
Slovakia Norbert Gombos | Alex Molčan
32%
Turkey Cem İlkel
7%
No matching quizzes found
Score Distribution
Percent of People with Each Score
Percentile by Number Answered
Your Score History
You have not taken this quiz